000 01086nam a22003257a 4500
003 CHAP
005 20220329135638.0
008 971013s1978 r 00010 d
010 _a39853
011 _a40825
035 _a44951
040 _cCHAP
082 _a633.18
_bM6
100 0 0 _aMoormann, Frans R.
_978108
245 _aRice
_b: soil, water, land
260 _aManila :
_bInternational Rice Research Institute,
_c1978
300 _a185 p.
_b: ilus ; gráfs
590 _aBATCH-UPD
_b10
_c20130110
_lUCH01
_h1914
590 _aBATCH-UPD
_b10
_c20130410
_lUCH01
_h1241
590 _aBATCH-UPD
_b10
_c20130914
_lUCH01
_h0409
590 _aCONVERSION
_b10
_c20130109
_lUCH01
_h1322
650 1 4 _aArroz
_xIrrigación.
_97627
650 1 4 _aSuelos arroceros.
_9110536
700 0 _aBreemen, Nico Van.
_915199
901 _aBK
942 _cLIBRO
949 _a633.18 M6
_bBC
_cLIBRO
_d-102958
_eLIBRO
_fc.3
_h68261
_i44951
_mD
_si
949 _a633.18 M6
_bBC
_cLIBRO
_d33724000196606
_eLIBRO
_h47509
_i44951
_mD
_si
949 _a633.18 M6
_bBC
_cLIBRO
_d33724000196614
_eLIBRO
_fc.2
_h47835
_i44951
_mD
_si
999 _c39853
_d39853